Borussia Dortmund Squad 2024-2025 - Statistics

General Stats
  • This quiz has been taken 601 times
    292 since last reset
  • The average score is 21 of 32
Answer Stats
# Position Nation Player % Correct
1 GK Switzerland Gregor Kobel
98%
4 DF Germany Nico Schlotterbeck
90%
10 MF Germany Julian Brandt
88%
19 FW Guinea Serhou Guirassy
87%
7 MF United States Giovanni Reyna
86%
20 MF Austria Marcel Sabitzer
86%
25 DF Germany Niklas Süle
83%
27 FW Germany Karim Adeyemi
82%
5 DF Algeria Ramy Bensebaini
82%
23 MF Germany Emre Can
78%
26 DF Norway Julian Ryerson
78%
2 DF Brazil Yan Couto
78%
43 FW England Jamie Bynoe-Gittens
77%
6 MF Turkey Salih Özcan
75%
3 DF Germany Waldemar Anton
74%
21 FW Netherlands Donyell Malen
73%
- Coach Croatia Niko Kovač
68%
- Coach Turkey Nuri Şahin
68%
8 MF Germany Felix Nmecha
67%
24 DF Sweden Daniel Svensson
65%
33 GK Germany Alexander Meyer
64%
14 FW Germany Maximilian Beier
64%
13 MF Germany Pascal Groß
63%
16 FW Belgium Julien Duranville
60%
17 MF England Carney Chukwuemeka
51%
37 FW United States Cole Campbell
41%
39 DF Italy Filippo Mané
39%
35 GK Germany Marcel Lotka
38%
- Coach Denmark Mike Tullberg
36%
38 MF Germany Kjell Wätjen
33%
42 DF Germany Almugera Kabar
30%
31 GK Germany Silas Ostrzinski
15%
No matching quizzes found
Score Distribution
Percent of People with Each Score
Percentile by Number Answered
Your Score History
You have not taken this quiz since the last reset